00390nam a22001337a 450000500170000008200130001710000260003024500410005626000230009765000140012094200070013499900150014195201000015620250816124821.0 a543bSKO aSkoog, Douglas A9139 aFundamentals of Analytical chemistry bThomsonaNew York: aChemistry cBK c1792d1792 0010708NFICaICbICcGENd2015-08-02l8o543 SKOp005917r2022-11-17 00:00:00s2021-03-28yBK